| 000 | 00582cam a22001815a 4500 | ||
|---|---|---|---|
| 001 | ##L134164 | ||
| 008 | 060713s1949 xxk 000 0 eng u | ||
| 035 | _a(Sirsi) u134164 | ||
| 041 | 0 | _aeng | |
| 050 | 0 | 4 | _a333.0062 $2 18 |
| 100 | 1 | _aWatson, John A. F. | |
| 245 | 0 | 4 |
_aThe spirit of a profession _bbeing the presidential address of Mr John A. F. Watson (President 1949-1950) |
| 260 |
_aLondon _bRICS _c1949 |
||
| 300 |
_a12p. _c22cm. |
||
| 651 | 4 |
_aGreat Britain _y1707- |
|
| 690 | _aABOUT RICS-RICS STRUCTURE AND GOVERNANCE-RICS SENIOR OFFICERS-RICS PRESIDENT | ||
| 942 | _n0 | ||
| 999 |
_c105574 _d105574 |
||